Movies Quiz

Random Movies or Baseball Quiz

Baseball Movies Quiz Stats

 Plays Quiz Updated Sep 13, 2018

Score 0/28 Timer 08:00
1 Play Today
Year Movie % Correct
2002The Rookie
82.6%
1989Field of Dreams
82.5%
1989Major League
76.9%
1992A League of Their Own
75%
1984The Natural
66.1%
2004Mr. 3000
65.9%
1988Bull Durham
63.2%
1994Angels in the Outfield
59.1%
1976Bad News Bears
58.2%
2005Fever Pitch
57.2%
1993Rookie of the Year
52.1%
1992The Babe
46.7%
2006The Benchwarmers
46%
1999For Love of the Game
45.8%
Year Movie % Correct
1993The Sandlot
42.5%
2001Summer Catch
40.6%
1988Eight Men Out
38.6%
2001Hardball
37.7%
1992Mr. Baseball
36.1%
1996The Fan
34.6%
1942The Pride of the Yankees
30.8%
1994Little Big League
25.9%
1994The Scout
23.2%
1996Ed
22%
1994Cobb
21.5%
1973Bang the Drum Slowly
16.8%
1958Damn Yankees!
14.6%
2007The Final Season
7.7%

You're not logged in!

Compare scores with friends on all Sporcle quizzes.
OR
Log In

Sporcle TV

Today on Sporcle TV


Watch our educational content, quiz creation guides, and fun videos on Sporcle TV.

Show Comments

Extras

Top Quizzes Today


Score Distribution

Your Account Isn't Verified!

In order to create a playlist on Sporcle, you need to verify the email address you used during registration. Go to your Sporcle Settings to finish the process.

Report this User

Report this user for behavior that violates our Community Guidelines.

Details: